| 000 | 00748nam a2200277Ia 4500 | ||
|---|---|---|---|
| 005 | 20260324113013.0 | ||
| 008 | 008 260324s9999 xx 000 0 eng d | ||
| 020 | _a9781003339113 | ||
| 037 | _aEBOOK | ||
| 040 | _aCRL | ||
| 040 | _beng | ||
| 040 | _cCRL | ||
| 041 | _2eng | ||
| 041 | _aeng | ||
| 084 | _qCRL | ||
| 100 |
_aSanjeevikumar Padmanaban; A. Rakesh Kumar; Partha Sarathi Subudhi; Diaa-Eldin A. Mansour; Mohamed Gamal Hussien _91145031 |
||
| 245 | 0 | _aPower Systems Amid the 4th Industrial Revolution | |
| 260 | _bTaylor and Francis | ||
| 260 | _c2024 | ||
| 365 | _a | ||
| 365 | _b240 | ||
| 856 | _uhttp://www.taylorfrancis.com/books/9781003339113 | ||
| 942 | _cEBOOK | ||
| 999 |
_c1734445 _d1734445 |
||